000 00369cam a2200157ua 4500
041 _aeng
_h
082 _a828.09
_bPRI/AR
100 _aPriestley, J B.
245 _aArt of the dramatist /
_cJ B Priestly.
_hTextual Documents
250 _a1 /
_b.
260 _aLondon :
_bHeinemann ,
_c1957.
300 _a91 ; .
504 _a
942 _cBK
999 _c8101
_d8101